| 000 | 00735nam a2200217Ia 4500 | ||
|---|---|---|---|
| 001 | 2340 | ||
| 005 | 20240113233537.0 | ||
| 007 | ta | ||
| 008 | 050225s1922 a g b000 u eng u | ||
| 040 | _aRef.Stack | ||
| 041 | _aeng | ||
| 082 |
_a930.105 _bHa 118 An |
||
| 100 | _aHaegert, G.E.J. . | ||
| 245 | 0 |
_aAnnual progress report of the Superintendent, Archaeological survey, Hindu and Buddhist Monuments, Northen circle, for the year ending 31st March 1921 / _cG.E.J.Haegert. _hReports |
|
| 260 |
_aPunjab : _bGovt. Publication , _c1922. |
||
| 300 |
_a27p. : _bill ; _c32cm. . |
||
| 653 | _aRreport : Superintendent, Archaeological survey, Hindu and Buddhist Monuments | ||
| 942 |
_2ddc _cBK |
||
| 999 |
_c2333 _d2333 |
||